Würzburg : ein Lesebuch : die Stadt Würzburg einst und jetzt in Sagen und Geschichten, Erinnerungen und Berichten, Briefen und Gedichten /
Saved in:
| Other Authors: | |
|---|---|
| Format: | Book |
| Language: | German |
| Published: |
Husum :
Husum Verlag,
c1987.
|
| Subjects: | |
| Tags: |
Add Tag
No Tags, Be the first to tag this record!
|
| LEADER | 00972nam a2200265 a 4500 | ||
|---|---|---|---|
| 001 | 001022264-2 | ||
| 005 | 20020606090541.3 | ||
| 008 | 891204s1987 gw b 00000 ger c | ||
| 010 | |a 89212927 | ||
| 020 | |a 3880423512 | ||
| 035 | 0 | |a ocm20825735 | |
| 040 | |a MH |c MH | ||
| 043 | |a e-gw--- | ||
| 050 | 1 | 4 | |a DD901.W94 |b W87 1987 |
| 245 | 0 | 0 | |a Würzburg : |b ein Lesebuch : die Stadt Würzburg einst und jetzt in Sagen und Geschichten, Erinnerungen und Berichten, Briefen und Gedichten / |c zusammengestellt und herausgegeben von Diethard H. Klein. |
| 260 | 0 | |a Husum : |b Husum Verlag, |c c1987. | |
| 300 | |a 160 p. ; |c 21 cm. | ||
| 504 | |a Includes bibliographical references (p. 151-156). | ||
| 651 | 0 | |a Würzburg (Germany) | |
| 651 | 0 | |a Würzburg (Germany) |x Literary collections. | |
| 655 | 7 | |a Literary collections. |2 fast | |
| 700 | 1 | |a Klein, Diethard H. | |
| 776 | 0 | 8 | |i Online version: |t Würzburg. |d Husum : Husum Verlag, ©1987 |w (OCoLC)609870085 |
| 988 | |a 20020608 | ||
| 906 | |0 MH | ||


